000
00213 a2200097 4500
001
55562
100
_a
245
_a
Aik diya jalai rakhna
260
_a
Lahore
_b
Khawar Pubs
_c
2006
090
_c
34494
_d
34494
942
_a
NUST-CAE
_c
MONOGRAPH
_c
27218
999
_c
290635
_d
290635